Sociální filosofie /

Hlavní autor: Kučírek, Jiří, 1948-
Jazyk: Čeština
Vydáno: Olomouc : Vydavatelství Univerzity Palackého, 2000
Vydání: 1. vyd.
Edice: Texty k otevřenému a distančnímu vzdělávání.
Témata:
Fyzický popis: i, 35 s. : il. ; 29 cm
Knihy
Uloženo v:
LEADER 01470nam a2200373 a 4500
001 000536283
003 CZ BrMZK
005 20071217112041.0
007 ta
008 010907s2000 xr e p cze d
015 |a cnb000887111 
020 |a 80-244-0165-7 
035 |a (OCoLC)46962877 
040 |a BOA001  |b cze 
072 7 |a 14  |x Filozofické systémy a hlediska  |2 Konspekt  |9 5 
072 7 |a 37.016  |x Učební osnovy. Vyučovací předměty. Učebnice  |2 Konspekt  |9 22 
080 |a 141.7  |2 MRF 
080 |a (075.8)  |2 MRF 
100 1 |a Kučírek, Jiří,  |d 1948-  |7 ola2002158153  |4 aut 
245 1 0 |a Sociální filosofie /  |c Jiří Kučírek 
246 3 3 |a Filosofie - S.O.S. Evropa 
246 3 3 |a S.O.S. Evropa 
250 |a 1. vyd. 
260 |a Olomouc :  |b Vydavatelství Univerzity Palackého,  |c 2000 
300 |a i, 35 s. :  |b il. ;  |c 29 cm 
490 1 |a Texty k otevřenému a distančnímu vzdělávání. Ř. Filosofie - S.O.S. Evropa ;  |v 20 
500 |a Vyd. Andragogé. - Bibliogr. 
650 0 7 |a sociální filozofie  |7 ph125785  |2 czenas 
655 7 |a učebnice vysokých škol  |7 fd133772  |2 czenas 
830 0 |a Texty k otevřenému a distančnímu vzdělávání.  |n Ř. Filosofie - S.O.S. Evropa 
910 |a BOA001  |b 4-1078.049 
990 |a BK 
996 6 |b 2610122965  |c 4-1078.049  |l MZK  |r Sklad / do 1 hodiny  |n 2  |p p.v.  |w 000536283  |u 000010  |a 1  |e BOA001  |j MZK50  |s P 
996 7 |b 2610123358  |c 4-1078.049  |l MZK  |r Sklad / do 1 hodiny  |n 13  |p kup  |w 000536283  |u 000020  |a 1  |e BOA001  |j MZK50  |s A